000 00619nam a2200217Ia 4500
003 OSt
005 20220928135614.0
006 a|||||r|||| 00| 0
007 ta
008 220927b |||||||| |||| 00| 0 eng d
024 _a3644
037 _cTextual
040 _aSDCL
_cSDCL
_beng
041 _2eng
_aeng
082 _aO-,1M12:g, G2
100 _aBrockington A Allen
_9491938
245 0 _aBrowning and the tweentieth century
_b A study of Robert Browning's influence and reputation
260 _c1932
942 _hO-,1M12:g, G2
_cTEXL
_2CC
999 _c807377
_d807377